00642nam a2200205Ia 4500003000900000008004100009040001600050080001500066100002600081245005200107260003800159300001000197650004100207650002600248650002600274700002300300942000700323999001500330952009100345IN-BaIIA211028s9999 xx 000 0 eng d cIIA Library a52-77bLOV aLovell, Bernard92935 0aRadio astronomycBernard Lovell and J.A. Clegg. aNew YorkbJohn Wiley & Sonsc1952 a238p. aAstronomy and Astrophysics Thesaurus aRadar Astronomy92936 aRadio Astronomy92849 aClegg, J. A.92937 cBK c1444d1444 00104070aBANbBANcGENd0000-00-00l0o52-77/ LOVp1526r2021-11-05w0000-00-00yBK